000 00411nam a2200169Ia 4500
003 OSt
005 20240309114710.0
008 170619s9999 xx 000 0 und d
020 _a9780521543040
040 _cIIMT ENGINEERING COLLEGE
100 _aJones- Daniel
245 0 _aCambridge english pronouncing
260 _bCambridge Cambridge Press
260 _c2004
546 _aENGLISH
942 _2ddc
_c02
999 _c21962
_d21962